| Tag |
First Indicator |
Second Indicator |
Subfields |
| LEADER |
00000cam a2200000Ia 4500 |
| 001 |
in00002114708 |
| 005 |
20151102183022.0 |
| 008 |
051212s2005 ii a 000 0 eng d |
| 020 |
|
|
|a 8173196656
|
| 035 |
|
|
|a (OCoLC)ocm62560687
|
| 040 |
|
|
|a SHH
|c SHH
|d TXA
|d UtOrBLW
|
| 043 |
|
|
|a a-ii---
|
| 049 |
|
|
|a TXAM
|
| 090 |
|
|
|a SB112.5
|b .S77 2005
|
| 245 |
0 |
0 |
|a Stress biology /
|c editors: Usha Chakraborty, Bishwanath Chakraborty ; [foreword by Pijushkanti Saha].
|
| 264 |
|
1 |
|a New Delhi, India :
|b Narosa Publishing House,
|c [2005]
|
| 264 |
|
4 |
|c ©2005
|
| 300 |
|
|
|a xiv, 276 pages :
|b illustrations ;
|c 25 cm.
|
| 336 |
|
|
|a text
|b txt
|2 rdacontent
|
| 337 |
|
|
|a unmediated
|b n
|2 rdamedia
|
| 338 |
|
|
|a volume
|b nc
|2 rdacarrier
|
| 504 |
|
|
|a Includes bibliographical references and index.
|
| 650 |
|
0 |
|a Crops
|x Effect of stress on.
|
| 650 |
|
0 |
|a Plants
|x Effect of stress on.
|
| 650 |
|
0 |
|a Plant populations
|x Effect of stress on.
|
| 650 |
|
0 |
|a Stress (Physiology)
|
| 700 |
1 |
|
|a Chakraborty, Usha.
|
| 700 |
1 |
|
|a Chakraborty, Bishwanath.
|
| 948 |
|
|
|a cataloged
|b h
|c 2006/1/19
|d c
|e jgreene
|f 11:51:58 am
|
| 994 |
|
|
|a C0
|b TXA
|
| 999 |
|
|
|a MARS
|
| 999 |
f |
f |
|s 425ac904-453b-3120-b424-f03825e429bd
|i e7ceb4ee-c56a-3b3e-aeb5-aa12c994a20f
|t 0
|
| 952 |
f |
f |
|p ric
|a Texas A&M University
|b Rellis Campus
|c Joint Library Facility
|d Remote Storage
|t 0
|e SB112.5 .S77 2005
|h Library of Congress classification
|i unmediated -- volume
|m A14833204185
|
| 998 |
f |
f |
|a SB112.5 .S77 2005
|t 0
|l Remote Storage
|